000 00448nam a2200133Ia 4500
008 100328s9999 xx 000 0 und d
082 _b28226
100 _aबिनिवाळे अविनाश
245 _aजय कैलास जय मानस
260 _bश्री गंार्व वेद
630 _aजय कैलास जय मानस
730 _aजय कैलास जय मानस
942 _cBOOK
999 _c519750
_d519747